| 000 | 00834nam a2200241 a 4500 | ||
|---|---|---|---|
| 001 | 19732 | ||
| 003 | CO-ViMGA | ||
| 008 | 141112s2004 ck r 000 u spa d | ||
| 020 | _a9588061679 | ||
| 040 |
_aCO-ViMGA _bspa _cCO-ViMGA |
||
| 082 | 0 | 4 | _a301.2 E726p |
| 100 | 1 |
_aEscobar, Arturo (et al.) _928568 |
|
| 245 | 1 | 0 |
_aPolítica cultural y cultura política : _buna nueva mirada sobre los movimientos sociales latinoAméricanos |
| 260 |
_aBogotá : _bAguilar, _cTauros; 2001 |
||
| 300 | _a492 p. | ||
| 490 | _aPensamiento | ||
| 590 | _aForma de adquisición : Premio Mincultura | ||
| 650 | 1 | 4 |
_aCOMUNIDADES NEGRAS - América LATINA _928569 |
| 650 | 1 | 4 |
_aMOVIMIENTOS INDIGENAS - América LATINA _928570 |
| 650 | 1 | 4 |
_aMOVIMIENTOS SOCIALES - América LATINA _928571 |
| 650 | 1 | 4 |
_aMUJERES - América LATINA _928572 |
| 942 |
_2ddc _cBK |
||
| 999 |
_c28867 _d28867 |
||